Crisis Management at Local Level in the Slovak Republic (Case: Winter Stadiums)

Saved in:
Bibliographic Details
Main Author: Janas, Karol
Other Authors: Kucharčík, Rudolf, 1977-, Bušša, Marian
Format: Book Chapter
Language:English
Tags: Add Tag
No Tags, Be the first to tag this record!

MARC

LEADER 00000naa$a2200000$$$4500
001 0262580
005 20240502083754.8
041 0 |a eng 
044 |a BG 
245 1 0 |a Crisis Management at Local Level in the Slovak Republic (Case: Winter Stadiums)  |c Karol Janas, Rudolf Kucharčík, Marian Bušša 
100 1 |a Janas, Karol 
700 1 |a Kucharčík, Rudolf, 1977- 
700 1 |a Bušša, Marian